00795nam a22002055i 450000100060000000300090000600500170001500700030003200800410003504000200007610000300009624500680012625000750019426001020026930000270037170000280039885200210042699900170044795201250046448338ES-MaACL20230906161733.0t|950714s1898 fr ||||1| fre d aCAM bspa cCAM1 aDareste, Rodolphe.94270713aLa justice administrative en France / cpar Rodolphe Dareste... a2e ed. brevue et completée avec la collaboration de Pierre Dareste. aParis : blibrairie de la Société du Recueil Général des lois et des arréts..., c1898. aXII, 680 p. ; c23 cm.1 aDareste, Pierre.942706 aES-MaACLjF-6524 c48338d48338 001040708LIBXIXaATENEOMbATENEOMcDEPO2d2008-01-17eSCl0oF-6524p1050872r2023-02-23 00:00:00w2023-02-23yMONANT